000 00679nam a2200277Ia 4500
005 20260324124331.0
008 008 260324s9999 xx 000 0 eng d
020 _a9780429476495
037 _aEBOOK
040 _aCRL
040 _beng
040 _cCRL
041 _2eng
041 _aeng
084 _qCRL
100 _aMarkos Zafiropoulos; John Holland
_91173747
245 0 _aLacan and Levi-Strauss or The Return to Freud (1951-1957)
260 _bTaylor and Francis
260 _c2010
365 _a
365 _b220
856 _uhttp://www.taylorfrancis.com/books/9780429476495
942 _cEBOOK
999 _c1768048
_d1768048